LDR 00765naa#a2200193#i#450# 001 EN\\bibl\123354 005 20260705210031.7 011 ## _a1994-4683 100 ## _a20230731b2023####ek#y0engy0150####ca 102 ## _aRU 200 1# _aMETERED RUNNING LOAD AS A METHOD OF INCREASING PHYSICAL FITNESS OF UNIVERSITY STUDENTS _eJournal article 210 1# _aMoscow _cNational State University of Physical Education, Sports and Health named after P.F. Lesgaft _d2023 215 ## _a3 с. 608 ## _aJournal article _2local 675 ## _aСпортивная тренировка. Методика. Нагрузка. Спортивные результаты. 796.015 _z 700 #1 _aBobrova _gG V 700 #1 _aKHolodova _gG B 700 #1 _aGrishchenko _gO M 856 4# _auchzapiski.lesgaft.spb.ru _u